<?xml version="1.0" encoding="UTF-8"?>
<collection xmlns="http://www.loc.gov/MARC21/slim">
 <record>
  <leader>01299nam a2200277 a 4500</leader>
  <controlfield tag="001">515850</controlfield>
  <controlfield tag="008">090713s1986    enkc     b    001 0 eng d</controlfield>
  <datafield tag="010" ind1=" " ind2=" ">
   <subfield code="a">   86008478 </subfield>
  </datafield>
  <datafield tag="020" ind1=" " ind2=" ">
   <subfield code="a">0198185642 :</subfield>
   <subfield code="c">$32.50 (U.S.)</subfield>
  </datafield>
  <datafield tag="040" ind1=" " ind2=" ">
   <subfield code="a">DLC</subfield>
   <subfield code="c">DLC</subfield>
   <subfield code="d">DLC</subfield>
  </datafield>
  <datafield tag="082" ind1="0" ind2="0">
   <subfield code="a">820/.9/008</subfield>
   <subfield code="2">19</subfield>
  </datafield>
  <datafield tag="100" ind1="1" ind2=" ">
   <subfield code="a">Woodfield, Malcolm.</subfield>
  </datafield>
  <datafield tag="245" ind1="1" ind2="0">
   <subfield code="a">R.H. Hutton, critic and theologian :</subfield>
   <subfield code="b">the writings of R.H. Hutton on Newman, Arnold, Tennyson, Wordsworth, and George Eliot /</subfield>
   <subfield code="c">Malcolm Woodfield.</subfield>
  </datafield>
  <datafield tag="260" ind1=" " ind2=" ">
   <subfield code="a">Oxford [Oxfordshire] :</subfield>
   <subfield code="b">Clarendon Press ;</subfield>
   <subfield code="a">New York :</subfield>
   <subfield code="b">Oxford University Press,</subfield>
   <subfield code="c">1986.</subfield>
  </datafield>
  <datafield tag="300" ind1=" " ind2=" ">
   <subfield code="a">x, 225 p. :</subfield>
   <subfield code="b">port. ;</subfield>
   <subfield code="c">23 cm.</subfield>
  </datafield>
  <datafield tag="504" ind1=" " ind2=" ">
   <subfield code="a">Bibliography: p. [199]-225 and index.</subfield>
  </datafield>
  <datafield tag="541" ind1="1" ind2=" ">
   <subfield code="e">00011997</subfield>
  </datafield>
  <datafield tag="600" ind1="1" ind2="0">
   <subfield code="a">Hutton, Richard Holt,</subfield>
   <subfield code="d">1826-1897.</subfield>
  </datafield>
  <datafield tag="650" ind1=" " ind2="0">
   <subfield code="a">Criticism</subfield>
   <subfield code="z">Great Britain</subfield>
   <subfield code="x">History</subfield>
   <subfield code="y">19th century.</subfield>
  </datafield>
  <datafield tag="650" ind1=" " ind2="0">
   <subfield code="a">English literature</subfield>
   <subfield code="y">19th century</subfield>
   <subfield code="x">History and criticism.</subfield>
  </datafield>
  <datafield tag="650" ind1=" " ind2="0">
   <subfield code="a">Religion and literature</subfield>
   <subfield code="z">Great Britain</subfield>
   <subfield code="x">History</subfield>
   <subfield code="y">19th century.</subfield>
  </datafield>
  <datafield tag="650" ind1=" " ind2="0">
   <subfield code="a">Theology in literature.</subfield>
  </datafield>
  <datafield tag="700" ind1="1" ind2=" ">
   <subfield code="a">Hutton, Richard Holt,</subfield>
   <subfield code="d">1826-1897.</subfield>
  </datafield>
  <datafield tag="852" ind1="4" ind2=" ">
   <subfield code="a">Ayesha Abed Library </subfield>
   <subfield code="j">General Shelf.</subfield>
  </datafield>
  <datafield tag="999" ind1=" " ind2=" ">
   <subfield code="c">2321</subfield>
   <subfield code="d">2321</subfield>
  </datafield>
  <datafield tag="952" ind1=" " ind2=" ">
   <subfield code="0">0</subfield>
   <subfield code="1">0</subfield>
   <subfield code="2">ddc</subfield>
   <subfield code="4">1</subfield>
   <subfield code="6">820_900800000000000_WOO</subfield>
   <subfield code="7">0</subfield>
   <subfield code="9">2145</subfield>
   <subfield code="a">BRACUL</subfield>
   <subfield code="b">BRACUL</subfield>
   <subfield code="c">SPS</subfield>
   <subfield code="d">2009-07-13</subfield>
   <subfield code="g">0.00</subfield>
   <subfield code="l">0</subfield>
   <subfield code="o">820.9008 WOO</subfield>
   <subfield code="p">3010011997</subfield>
   <subfield code="r">2009-07-13</subfield>
   <subfield code="t">1</subfield>
   <subfield code="w">2009-07-13</subfield>
   <subfield code="y">BK</subfield>
   <subfield code="x">No price found in the accession register.</subfield>
  </datafield>
 </record>
</collection>
